000 00882nam0a22002771 4500
001 v19\rc\1993942
005 20251118181233.8
035 _a(NLR Aleph) 005070428
090 _a7089773
_c7089773
100 _a20080811d1914 |||y0rusy50 ca
101 0 _arus
102 _aRU
105 _ay z |||a|
200 1 _aВильгельм Кровавый
_e(Поэма)
_fИ.Н. Тутов
210 _aВоронеж
_cтип. Печатник бр. К. и А. Розенберг
_d1914
215 _a10 с.
_d22
700 1 _aТутов
_bИ. Н.
702 0 _aВильгельм
_cгерм. имп. и прус. король
_dII Гогенцоллерн
_f1859-1941
_4570
801 0 _aRU
_bNLR
_gpsbo
801 0 _aRU
_bRuMoRGB
_2psbo
801 1 _aRU
_bProSoft-M
_2rusmarc
852 _aNLR
_j37.74.5.89
899 _aRuMoRGB
_jV 120/74
899 _aБАН
942 _cBOOK
980 _aNB